Statistics for Simpsons First Names A-Z

Click here to take the quiz!

General Stats

  • This quiz has been taken 125 times
  • The average score is 16 of 26

Answer Stats

Letter First Name Last Name % Correct
NNedFlanders
96%
HHomerSimpson
96%
EEdnaKrabappel
92%
IItchy(and Scratchy)
92%
AApuNahasapeemapetilon
91%
BBarneyGumble
89%
KKentBrockman
85%
MMilhousevan Houten
84%
PPattyBouvier
83%
RRalphWiggum
83%
CCarlCarlson
81%
SSeymourSkinner
75%
FFrankGrimes
68%
XXena(the Warrior Princess)
66%
LLennyLeonard
64%
WWaylonSmithers
59%
OOttoMann
53%
TTimothyLovejoy
45%
JJuliusHibbert
40%
UUterZörker
38%
YYaoMing
36%
GGaryChalmers
32%
DDrederickTatum
31%
ZZacharyVaughn
9%
VVanceConnor
7%
QQuenleyWoosterfield
2%

Score Distribution

Percentile by Number Answered

Percent of People with Each Score

Your Score History

You have not taken this quiz